Statystyki dla XI Roku 2019 wg. Tygodnika "Piłka Nożna" (Europa)

Kliknij tutaj aby rozwiązać quiz!

Ogólne statystyki

  • Ten quiz został rozwiązany 155 razy
  • Średni wynik to 10 z 11

Statystyki odpowiedzi

PozycjaKrajKlubZawodnik% Poprawnych
BRNiemcyBarcelonaMarc-Andre ter Stegen
99%
LSPortugaliaJuventusCristiano Ronaldo
98%
PSFrancjaPSGKylian Mbappe
98%
ŚNPolskaBayernRobert Lewandowski
98%
ŚPBelgiaManchester CityKevin de Bruyne
97%
ŚOHolandiaLiverpoolVirgil van Dijk
97%
POAngliaLiverpoolTrent Alexander-Arnold
94%
LOSzkocjaLiverpoolAndy Robertson
91%
ŚOHolandiaAjax / JuventusMatthijs de Ligt
84%
ŚPDAngliaLiverpoolJordan Henderson
81%
ŚPHolandiaLiverpoolGeorginio Wijnaldum
68%

Rozkład punktacji

Percentyl według liczby udzielonych odpowiedzi

Procent ludzi z każdym wynikiem

Twoja historia wyników

Nie rozwiązałeś tego quizu